000 00213 a2200097 4500
001 7900
100 _aWood, A
245 _aBertrand Russell : the passionate skeptic
260 _a
_bAllen
_c
090 _c6343
_d6343
942 _aNUST-CAE
_cM
_c32871
999 _c242973
_d242973